| Tag |
First Indicator |
Second Indicator |
Subfields |
| LEADER |
00000cam a2200000Ka 4500 |
| 001 |
in00002011639 |
| 005 |
20151031143123.0 |
| 008 |
981012s1971 maua 000 0 eng d |
| 035 |
|
|
|a (OCoLC)ocm40092999
|
| 040 |
|
|
|a MBW
|c MBW
|d TXA
|d UtOrBLW
|
| 049 |
|
|
|a TXAM
|
| 090 |
|
|
|a GC1
|b .W582 no.71-48
|
| 100 |
1 |
|
|a Davis, J. A.
|
| 245 |
1 |
0 |
|a Modified ray theory in the presence of a boundary /
|c by J.A. Davis and E.L. Murphy.
|
| 264 |
|
1 |
|a Woods Hole, Mass. :
|b Woods Hole Oceanographic Institution,
|c 1971.
|
| 300 |
|
|
|a 6, 3 leaves :
|b illustrations, grpahs ;
|c 29 cm.
|
| 336 |
|
|
|a text
|b txt
|2 rdacontent
|
| 337 |
|
|
|a unmediated
|b n
|2 rdamedia
|
| 338 |
|
|
|a volume
|b nc
|2 rdacarrier
|
| 490 |
1 |
|
|a Woods Hole, Mass. Oceanographic Institution ;
|v Reference no. 71-48.
|a Technical report
|
| 500 |
|
|
|a "July 1971."
|
| 504 |
|
|
|a Includes bibliographical references.
|
| 650 |
|
0 |
|a WKB approximation.
|
| 650 |
|
0 |
|a Sound
|x Speed.
|
| 700 |
1 |
|
|a Murphy, E. L.
|
| 710 |
2 |
|
|a Woods Hole Oceanographic Institution.
|
| 830 |
|
0 |
|a Woods Hole Oceanographic Institution (Series) ;
|v no. 71-48.
|
| 830 |
|
0 |
|a Technical report (Woods Hole Oceanographic Institution)
|
| 948 |
|
|
|a cataloged
|b h
|c 2004/11/19
|d c
|e jgreene
|f 3:50:29 pm
|
| 994 |
|
|
|a E0
|b TXA
|
| 999 |
|
|
|a MARS
|
| 999 |
f |
f |
|s 218f90a2-5016-3a72-ac14-0a5b98d5a71c
|i 6a6a81dd-482f-3c53-b3aa-22b0ae8f03c3
|t 0
|
| 952 |
f |
f |
|p ric
|a Texas A&M University
|b Rellis Campus
|c Joint Library Facility
|d Remote Storage
|t 0
|e GC1 .W582 no.71-48
|h Library of Congress classification
|i unmediated -- volume
|m A14831612201
|
| 998 |
f |
f |
|a GC1 .W582 no.71-48
|t 0
|l Remote Storage
|